01007nas a2200289 a 45000010005000000030008000050050017000130080039000300300011000690350018000800400042000980410008001400600015001480820024001631000034001872450074002212600037002953000024003325040020003565100045003766500023004216500032004447760077004769420012005539990015005659520137005808736BD-RjUL20211208234636.0160921s1954 enkar 0 1 a0eng aPOPTAN a(BD-RjUL)8781 aDLCbengcMnMULSdNICdTULIBdBD-RjUL aeng00aW1bPR676K04a332.4223bWHP 1948 aWhittlesey, Charles R915695210aPrinciples and practices of money and banking /cCharles R Whittlesey aNew York :bMacmillan Co.,c1948 axiii, 579 :c22 cm. aIncludes index.2 aChemical abstractsx0009-2258b1961-1984 aMoney. 9156953 aBanks and banking. 915695408iOnline version:tProgress in opticsw(DLC) 2011233398w(OCoLC)297256018 2ddccBK c8736d8736 00102ddc40708NFICaRUCLbRUCLcStackd1962-12-08eZeitlingerg47.00l0o332.4 WHP 1948r2016-09-21 00:00:00tC-2w2016-09-21yBK